000 00833cam a2200241 4500
001 M1970
008 090401t1995 xxu||||| |||| 00| 0 eng d
035 _a(Sirsi) u35692
041 _aeng
050 _a333.33025
090 _a1995/92AB
110 _aRoyal Institution of Chartered Surveyors
_94900
245 _a1996 chartered surveyors directory: international.
260 _aLondon
_bMacMillan Press
_c1995
300 _a61,86p. ; 24cm.
350 _a0
520 _aComprises the international section of Vol. 2 of the List of members 1992. B copy kept at enquiry desk whilst current. Title on cover: Chartered surveyors international directory.
650 _aABOUT RICS-RICS MEMBERS
650 _aDIRECTORIES
690 _aMANAGEMENT-BUSINESS MANAGEMENT-PROFESSIONAL PRACTICE
942 _n0
948 _c04/03/1997
999 _c90142
_d90142